Statistics for Countries With Highest Opiate Use

Click here to take the quiz!

General Stats

  • This quiz has been taken 54 times
  • The average score is 15 of 26

Answer Stats

PrevalenceAnswer% Correct
1.04United States of America
96%
0.73United Kingdom
94%
1.64Russia
90%
0.52France
82%
2.65Afghanistan
80%
1.16Ukraine
78%
1.0Pakistan
76%
0.52Italy
72%
3.31Iran
70%
0.76Belarus
68%
0.72Ireland
62%
0.93Uzbekistan
60%
1.03Kazakhstan
58%
0.52Tajikistan
58%
0.53Vietnam
52%
0.81Estonia
50%
0.89Kyrgyzstan
50%
0.72Georgia
46%
0.8Myanmar
46%
0.52Denmark
44%
0.94Malaysia
38%
0.7Nigeria
38%
0.59Luxembourg
20%
0.59Malta
20%
1.34Maldives
12%
0.91Mauritius
2%

Score Distribution

Percentile by Number Answered

Percent of People with Each Score

Your Score History

You have not taken this quiz